000 00467nam a2200169Ia 4500
003 GCL
008 140319s9999 xx 000 0 eng d
040 _aGCL /
_cGCL
082 0 4 _a652.5416
_bBW
100 1 _aBELSERENE, RITA
245 1 0 _aUP & RUNNING WITH WORD PERFECT TO DOS /
_cBELSERENE, RITA
260 _a[S.N] :
_bSYBEX INC. ،
_c1993
300 _a172 P
650 0 4 _aDOS DEVICE DRIVERS (COMPUTER PROGRAM )
650 0 4 _aWORD PROCESSING
942 _2ddc
_cBK
999 _c10391
_d10391